50 Rajasthanis: Faces of the Community (Record no. 4585)

MARC details
000 -LEADER
fixed length control field 00350nam a2200145Ia 4500
008 - FIXED-LENGTH DATA ELEMENTS--GENERAL INFORMATION
fixed length control field 230523s9999 xx 000 0 und d
082 ## - DEWEY DECIMAL CLASSIFICATION NUMBER
Classification number 306.09544 CHA
100 ## - MAIN ENTRY--PERSONAL NAME
Main Author Name Chaudhary, Swasti Mittal
245 #0 - TITLE STATEMENT
Title 50 Rajasthanis: Faces of the Community
260 ## - PUBLICATION, DISTRIBUTION, ETC.
Place of publication Jaipur
260 ## - PUBLICATION, DISTRIBUTION, ETC.
publisher Name Spenta Multimedia
260 ## - PUBLICATION, DISTRIBUTION, ETC.
Date of publication 2012
300 ## - PHYSICAL DESCRIPTION
Number Of Page 211
942 ## - ADDED ENTRY ELEMENTS (KOHA)
Koha item type Donated Book
Holdings
Lost status Not for loan Home library Current library Date last seen Koha item type School Total Checkouts Full call number Barcode Price effective from Withdrawn status Date acquired Source of acquisition Discount Bill Date Bill No
    BGU Central Library BGU Central Library 23/05/2023 Donated Book School of Management   306.09544 CHA G464 23/05/2023   10/12/2020 Gifted   2020-12-10 Gift

Maintained and Designed by
2cqr automation private limited, Chennai. All Rights Reserved.

You are Visitor Number

PHP Hits Count